LEADER 01151cam0-2200361---450- 001 990005508200403321 005 20101019123417.0 035 $a000550820 035 $aFED01000550820 035 $a(Aleph)000550820FED01 035 $a000550820 100 $a19990604d1962----km-y0itay50------ba 101 0 $aita 102 $aIT 105 $af---b---00-yy 200 1 $aCento anni di industria in Italia$e4. Premio di Pittura Esso$fpresentazione di Giovanni Sangiorgi 210 $aRoma$cDe Luca$d1962 215 $a22 p., [87] p. di tav.$d24 cm 225 1 $aEdizioni dell'Ente premi Roma$iPittura$v6$iArtisti italiani 300 $aCatalogo a cura di J. Recupero 610 0 $aPittura italiana$aSec. 20$aEsposizioni$a1962 676 $a759.5 676 $a759.06 702 1$aRecupero,$bJacopo 702 1$aSangiorgi,$bGiovanni 710 12$aPremio di pittura Esso$d<4. ;$f1962 ;$eRoma>$0425875 801 0$aIT$bUNINA$gRICA$2UNIMARC 901 $aBK 912 $a990005508200403321 952 $a759.5 MOSTRE ROMA 1962$bST.ARTE 5641$fFLFBC 959 $aFLFBC 996 $aCento anni di industria in Italia$9588955 997 $aUNINA LEADER 01075nam--2200385---450- 001 990003527060203316 005 20110509120355.0 010 $a3-534-04492-4 035 $a000352706 035 $aUSA01000352706 035 $a(ALEPH)000352706USA01 035 $a000352706 100 $a20110509d1990----km-y0itay50------ba 101 $ager 102 $aDE 105 $a||||||||001yy 200 1 $aAlexander der Grosse$fJakob Seibert 205 $a3., unveränd. Aufl. 210 $aDarmstadt$cWissenschaftliche Buchgesellschaft$d1990 215 $aXIV,329 p., 1 c. geogr. ripieg.$d19 cm 225 2 $aErträge der forschung$v10 410 0$12001$aErträge der forschung$v10 454 1$12001 461 1$1001-------$12001 606 0 $aAlessandro : Magno$2BNCF 676 $a938.07 700 1$aSEIBERT,$bJakob$0182171 801 0$aIT$bsalbc$gISBD 912 $a990003527060203316 951 $aHPG 509$b3284 DSA 959 $aBK 969 $aDSA 979 $aDSA$b90$c20110509$lUSA01$h1203 996 $aAlexander der Grosse$9539451 997 $aUNISA